| 000 | 00928nam a22002537a 4500 | ||
|---|---|---|---|
| 005 | 20170123164144.0 | ||
| 010 | _aB-028825 | ||
| 020 | _c120.00 | ||
| 035 | _aB-028825 | ||
| 037 | _bCen Lib/Ret | ||
| 040 |
_aDPL _bPN |
||
| 082 |
_aਓ _bਰਾਮਸ |
||
| 100 |
_aਰਾਮ ਸਰੂਪ ਅਣਖੀ _92170 |
||
| 245 |
_aਨਹੀਂ : _cਰਾਮ ਸਰੂਪ ਅਣਖੀ _bਕਹਾਨੀ ਸੰਗ੍ਰਹਿ / |
||
| 246 |
_aNahin : short stories / _bBy Ram Sarup Anakhi |
||
| 260 |
_aਮਾਨਸਾ _bਉੜਾਨ ਪਬਲਿਸ਼ਰਜ਼ _c2001 |
||
| 270 |
_aਞਾਟਰ ਞਰਕਸਚੋਭ _bਮਾਨਸਾ _e151505 |
||
| 300 |
_a160p ; _c20cm |
||
| 650 |
_aਪੰਜਾਬੀ ਕਹਾਣੀਆ _9120987 |
||
| 650 |
_aਸਾਹਿਤ -- ਪੰਜਾਬੀ _9120988 |
||
| 650 |
_aliterature -- Punjabi _9114104 |
||
| 650 |
_aPunjabi -- story _9116063 |
||
| 942 |
_2ddc _cPN _hਕ _mਰਾਮਸ |
||
| 999 |
_c109903 _d109903 |
||